000
00299nam a2200109Ia 4500
008
190216s9999||||xx |||||||||||||| ||und||
100
_a
Parameswaran Pilla Meekollam
245
0
_a
Malayalam-Kanyakumari Muthal Kapila Vasthu Vare
260
_b
Jayabharath Printers
650
_a
Malayalam
942
_c
BK
999
_c
25042
_d
25042